000 01358nam a2200373 i 4500
001 30848
003 KOSZ 005
005 20210511140450.0
008 s1993 pl f |000 0 pol
040 _cKOSZ 005
_aKOSZ 005
_dKOSZ 005/EG
041 0 _apol
046 _k1993
080 _a339.7
100 1 _aStanek, Krzysztof
_eAutor
245 1 0 _aSpłata zadłużenia zagranicznego gospodarki :
_bproblemy minimalnoczasowe /
_cKrzysztof Stanek.
260 _aWarszawa :
_bSzkoła Główna Handlowa,
_c1993.
300 _a145 s. ;
_c24 cm.
336 _2rdacontent
_aTekst
_btxt
337 _2rdamedia
_aBez urządzenia pośredniczącego
_bn
338 _2rdacarrier
_aWolumin
_bnc
380 _aKsiążki
388 _a1901-2000
388 _a1989-2000
490 1 _aMonografie i Opracowania / Szkoła Główna Handlowa,
_x0867-7727 ;
_v370
504 _aBibliogr. s.139-145.
650 7 _aDługi zagraniczne
650 7 _aModele matematyczne
651 7 _aPolska
658 _aGospodarka, ekonomia, finanse
710 2 _aOficyna Wydawnicza (Szkoła Główna Handlowa ; Warszawa)
_4pbl
830 _a Monografie i Opracowania - Szkoła Główna Handlowa
_v370
856 _uhttp://koha.tu.koszalin.pl/cgi-bin/koha/opac-detail.pl?biblionumber=30848
_yKatalog online BPK
942 _cKS
_2UKD
999 _c30848
_d30848